000 00790nam a2200265 i 4500
001 bg
100 1 _aBILLINGHAM, J.
245 1 0 _aWave motion /
_cJ. Billingham, A.C. King.
260 _aCambridge :
_bCambridge Univ. Press,
_c2000.
300 _aIX, 468 s. :
_bil. ;
_c23 cm.
490 1 _aCambridge Texts in Applied Mathematics
504 _aBibliogr.
650 9 _aFale
655 _aPodręczniki akademickie
700 1 _aKING, A. C.
830 _aCambridge Texts in Applied Mathematics
020 _a0521634504
040 _cBPK
041 0 _aen
080 _a532(075.8)
920 _a0-521-63450-4
942 _cKS
008 s pl f |000 0 pol
999 _c40294
_d40294
856 _uhttp://koha.tu.koszalin.pl/cgi-bin/koha/opac-detail.pl?biblionumber=40294
_yKatalog online BPK